UEFA Champions league all-time club ranking - Statistics

General Stats
  • This quiz has been taken 149 times
    52 since last reset
  • The average score is 34 of 50
Answer Stats
Answer % Correct
12 Arsenal
100%
2 Bayern München
100%
3 FC Barcelona
100%
10 Internazionale Milano
100%
4 Juventus
100%
7 Liverpool FC
100%
1 Real Madrid
100%
6 AC Milan
98%
11 Chelsea FC
98%
5 Manchester United
98%
14 Borussia Dortmund
96%
16 Paris Saint-Germain
96%
8 Benfica
94%
9 FC Porto
94%
17 Manchester City
94%
13 Ajax
90%
15 Atlético Madrid
90%
46 Tottenham Hotspur
85%
30 AS Roma
83%
21 Olympique Lyon
83%
40 SSC Napoli
83%
48 SS Lazio
81%
18 PSV Eindhoven
79%
43 Sevilla
79%
39 Sporting
77%
23 Valencia
77%
20 Celtic
73%
33 AS Monaco
71%
34 Feyenoord
71%
28 Bayer Leverkusen
69%
24 Galatasaray
63%
27 Rangers
63%
41 Schalke 04
63%
25 Olympiacos
60%
22 RSC Anderlecht
60%
35 Club Brugge
50%
42 FC Basel
46%
49 Deportivo La Coruña
44%
32 Panathinaikos FC
44%
36 Sparta Praha
42%
19 Dynamo Kiev
38%
29 Shakhtar Donetsk
38%
47 CSKA Moskva
35%
26 CZ Belgrade
33%
45 Steaua Bucharest
29%
37 Spartak Moskva
25%
50 Rosenborg
17%
44 IFK Goteborg
15%
31 Olympique Marseilles
15%
38 CSKA Sofia
4%
No matching quizzes found
Score Distribution
Percent of People with Each Score
Percentile by Number Answered
Your Score History
You have not taken this quiz since the last reset